Crónicas Urbanas : (Record no. 22040)

000 -CABECERA
fixed length control field 01611nam a22003257a 4500
003 - IDENTIFICADOR DEL NÚMERO DE CONTROL
control field AR-CdUCM
008 - DATOS DE LONGITUD FIJA--INFORMACIÓN GENERAL
fixed length control field 190515b ||||| |||| 00| 0 spa d
040 ## - FUENTE DE LA CATALOGACIÓN
Agencia/entidad que catalogó originalmente la obra MUNICIPALIDAD PROVINCIAL DEL CUSCO
Entidad que transcribió la catalogación BIBLIOTECA MUNICIPAL DEL CUSCO
082 ## - NÚMERO DE LA CLASIFICACIÓN DECIMAL DEWEY
No. de Clasificación CroniUrbana/N°3/1993
110 ## - ENTRADA PRINCIPAL--NOMBRE DE ENTIDAD CORPORATIVA
Nombre de la institución, jurisdicción como entrada principal Centro de Educación y Comunicación Guamán Poma de Ayala
9 (RLIN) 47233
245 ## - MENCIÓN DE TÍTULO
Título Crónicas Urbanas :
Resto del título análisis y perspectivas urbano regionales /
260 ## - PUBLICACIÓN, DISTRIBUCIÓN, ETC.
Lugar de publicación, distribución, etc. Cusco :
Nombre de la editorial, distribuidor, etc. Centro Guamán Poma de Ayala,
Fecha de publicación, distribución, etc. 1993.
300 ## - DESCRIPCIÓN FÍSICA
Nº de Páginas Extensión 134 páginas. :
Otros detalles físicos ilustraciones ;
Dimensiones 30 cm.
440 ## - MENCIÓN DE SERIE/PUNTO DE ACCESO ADICIONAL--TÍTULO
Título Revista Crónicas Urbanas.
Número de la parte/sección de una obra N°3, 1993
9 (RLIN) 47234
505 ## - NOTA DE CONTENIDO CON FORMATO
Nota de contenido formateada Contenido: La Modernidad Cusqueña. -- Reivindicación del Pensamiento Colonizado. -- El Cusco: Entre el Sueño y la Ideología. -- En Busca de lo Andino. -- Sociedad y Política en el Cusco. -- La Cuestión Electoral. -- San Jerónimo: Reto al desarrollo agro urbano. -- San Sebastián: Espacio de Identidad. -- Las Casas y Guamán Poma: Dos defensores de indios. -- Esbozo Cronológico de Publicaciones y Actividades Culturales Cusqueñas.
650 ## - PUNTO DE ACCESO ADICIONAL DE MATERIA--TÉRMINO DE MATERIA
Descriptor Historia Urbana
9 (RLIN) 13611
650 ## - PUNTO DE ACCESO ADICIONAL DE MATERIA--TÉRMINO DE MATERIA
Descriptor Desarrollo Urbano
9 (RLIN) 14520
650 ## - PUNTO DE ACCESO ADICIONAL DE MATERIA--TÉRMINO DE MATERIA
Descriptor Política
9 (RLIN) 291
650 ## - PUNTO DE ACCESO ADICIONAL DE MATERIA--TÉRMINO DE MATERIA
Descriptor Literatura cusqueña
9 (RLIN) 47235
650 ## - PUNTO DE ACCESO ADICIONAL DE MATERIA--TÉRMINO DE MATERIA
Descriptor Historia del Cusco
9 (RLIN) 1714
700 ## - PUNTO DE ACCESO ADICIONAL--NOMBRE DE PERSONA
Nombre Personal Tamayo Herrera, José
9 (RLIN) 11513
700 ## - PUNTO DE ACCESO ADICIONAL--NOMBRE DE PERSONA
Nombre Personal Estermann, José
9 (RLIN) 47236
700 ## - PUNTO DE ACCESO ADICIONAL--NOMBRE DE PERSONA
Nombre Personal Vega Centeno, Imelda
9 (RLIN) 3249
700 ## - PUNTO DE ACCESO ADICIONAL--NOMBRE DE PERSONA
Nombre Personal Nieto Degregori, Luis
9 (RLIN) 6534
700 ## - PUNTO DE ACCESO ADICIONAL--NOMBRE DE PERSONA
Nombre Personal Calvo Calvo, Rossano
9 (RLIN) 44156
700 ## - PUNTO DE ACCESO ADICIONAL--NOMBRE DE PERSONA
Nombre Personal Gutiérrez Samanez, Julio
9 (RLIN) 46146
710 ## - PUNTO DE ACCESO ADICIONAL--NOMBRE DE ENTIDAD CORPORATIVA
Nombre corporativo (En letras Mayúsculas) Centro Guamán Poma de Ayala
9 (RLIN) 20511
942 ## - ELEMENTOS DE PUNTO DE ACCESO ADICIONAL (KOHA)
Fuente de clasificación
Tipo de item Revistas cusqueñas
945 ## - PROCESAMIENTO DE INFORMACIÓN LOCAL (OCLC)
Catalogador vhl
Holdings
Estado de retiro (separado) Fuente de clasificación o esquema de estanterías Estado dañado Ubicación Sala donde se ubica Nombre de la colección Fecha de adquisición o compra Costo, precio normal en soles Signatura topográfica Código de Barras Última vez visto (Koha) Tipo de ítem (Koha)
No     Sala Hemeroteca Sala Hemeroteca Book Cart 2022-02-16 10.00 CroniUrbana/N°3/1993 REVC000604 2022-02-16 Revistas cusqueñas
No     Sala Hemeroteca Sala Hemeroteca Book Cart 2022-02-16 10.00 CroniUrbana/N°3/1993/e.2 REVC000605 2022-02-16 Revistas cusqueñas

Powered by Koha